000 00584nam a2200193 i 4500
001 93171
003 ES-MaACL
005 20230906181134.0
007 t|
008 050408s1927 sp |||| | spa d
080 _a392.65(82)
100 1 _aLondres, Albert.
_973224
245 1 3 _aEl camino de Buenos Aires
_b: (la trata de blancas) /
_cAlbert Londres; traducción de A. Alonso Zapata.
260 _aMadrid :
_bSantander,
_c1927.
300 _a224 p. ;
_c19 cm.
650 4 _aProstitución-
_zArgentina.
_9146210
700 1 _aAlonso Zapata, A.
_920437
852 _aES-MaACL
_jB-7765
999 _c93171
_d93171